[Event "Wch U14 Girls"]
[Site "Al Ain"]
[Date "2013.12.28"]
[Round "11"]
[White "Zhou, Qiyu"]
[Black "Anigani, Kavya"]
[Result "1-0"]
[WhiteElo "1979"]
[BlackElo "1851"]
[PlyCount "69"]
[EventDate "2013.12.18"]
[EventType "swiss"]
[EventRounds "11"]
[EventCountry "UAE"]
[SourceTitle "CBM 158 Extra"]
[Source "ChessBase"]
[SourceDate "2014.02.28"]
[SourceVersion "1"]
[SourceVersionDate "2014.02.28"]
[SourceQuality "1"]

1. e4 c5 2. Nf3 d6 3. d4 cxd4 4. Nxd4 Nf6 5. Nc3 a6 6. Be3 e5 7. Nb3 Be6 8. h3 Be7 9. Qf3 Qc7 10. g4 b5 11. 0-0-0 h6 12. Kb1 Nbd7 13. Qg2 Nb6 14. f4 Nc4 15. Bc1 b4 16. Nd5 Bxd5 17. exd5 Nb6 18. Be2 Nfd7 19. Na5 Rc8 20. Bf3 Nc4 21. Nc6 Qb6 22. Qe2 Na5 23. Be3 Qc7 24. Nxb4 Nc4 25. Nc6 Nxe3 26. Qxe3 f6 27. Qd3 Nc5 28. Qg6+ Kf8 29. g5 hxg5 30. fxg5 fxg5 31. Bg4 Ra8 32. Rhf1+ Bf6 33. Rxf6+ gxf6 34. Qxf6+ Kg8 35. Ne7+ 1-0

[Event "Wch U14 Girls"]
[Site "Al Ain"]
[Date "2013.12.19"]
[Round "2"]
[White "Anigani, Kavya"]
[Black "Rodriguez, Sofia"]
[Result "1-0"]
[WhiteElo "1851"]
[BlackElo "1860"]
[PlyCount "89"]
[EventDate "2013.12.18"]
[EventType "swiss"]
[EventRounds "11"]
[EventCountry "UAE"]
[SourceTitle "CBM 158 Extra"]
[Source "ChessBase"]
[SourceDate "2014.02.28"]
[SourceVersion "1"]
[SourceVersionDate "2014.02.28"]
[SourceQuality "1"]

1. e4 c5 2. Nf3 d6 3. d4 cxd4 4. Nxd4 Nf6 5. Nc3 a6 6. Be3 e5 7. Nb3 Be7 8. h3 Be6 9. Qf3 0-0 10. 0-0-0 Qc7 11. g4 b5 12. g5 Nfd7 13. Nd5 Bxd5 14. exd5 Nb6 15. Bd3 Nc4 16. h4 Nd7 17. h5 Nxe3 18. fxe3 f5 19. Bxf5 Bxg5 20. Be6+ Kh8 21. Qg3 Bh6 22. Bxd7 Qxd7 23. Rhf1 Qc7 24. Kb1 Qc4 25. Rfe1 Rac8 26. Qg2 Qh4 27. Rh1 Qf2 28. Qxf2 Rxf2 29. Nd2 Bxe3 30. Ne4 Rfxc2 31. Nxd6 R8c7 32. Nxb5 Rxb2+ 33. Kxb2 axb5 34. Rhe1 Bf4 35. Kb3 Kg8 36. Kb4 Rc2 37. d6 Bd2+ 38. Kb3 Rc3+ 39. Kb2 Bxe1 40. d7 Bh4 41. d8Q+ Bxd8 42. Rxd8+ Kf7 43. Kxc3 Kf6 44. Rd5 Ke6 45. Rxb5 1-0

[Event "Thrissur op (Women)"]
[Site "Thrissur"]
[Date "2013.07.27"]
[Round "3"]
[White "Ivana Maria, Furtado"]
[Black "Anigani, Kavya"]
[Result "1-0"]
[WhiteElo "2080"]
[BlackElo "1788"]
[PlyCount "97"]
[EventDate "2013.07.26"]
[EventType "swiss"]
[EventRounds "11"]
[EventCountry "IND"]
[SourceTitle "EXT 2014"]
[Source "ChessBase"]
[SourceDate "2013.11.20"]
[SourceVersion "1"]
[SourceVersionDate "2013.11.20"]
[SourceQuality "1"]

1. d4 d5 2. Nf3 Nf6 3. c4 e6 4. Nc3 Bb4 5. e3 0-0 6. Bd3 c5 7. cxd5 cxd4 8. Nxd4 Bxc3+ 9. bxc3 e5 10. Nb3 Qxd5 11. 0-0 Rd8 12. Be2 Qxd1 13. Bxd1 Nc6 14. Bf3 e4 15. Be2 b6 16. Ba3 Bb7 17. Nd4 Rac8 18. Nf5 Rd5 19. Nd6 Rc7 20. Rfd1 Na5 21. Nb5 Rc8 22. Bb4 Nc6 23. Nd6 Rc7 24. Ba3 Na5 25. c4 Rxd1+ 26. Rxd1 Rd7 27. c5 bxc5 28. Bxc5 Bc6 29. Nc8 Rxd1+ 30. Bxd1 Nd5 31. Bc2 f5 32. Nxa7 Bd7 33. a4 Kf7 34. Nb5 Nb7 35. Bd4 g6 36. f3 exf3 37. gxf3 Ke6 38. Bb3 Bxb5 39. axb5 Kd6 40. e4 fxe4 41. fxe4 Nf4 42. e5+ Ke7 43. Kf2 Ne6 44. Be3 Nec5 45. Bd5 Nd3+ 46. Ke2 Ndc5 47. Kf3 Kd7 48. b6 Kc8 49. e6 1-0

[Event "IND-ch U19 Girls 28th"]
[Site "Lucknow"]
[Date "2013.07.17"]
[Round "10"]
[White "Anigani, Kavya"]
[Black "Monnisha, GK."]
[Result "1/2-1/2"]
[WhiteElo "1788"]
[BlackElo "2051"]
[PlyCount "70"]
[EventDate "2013.07.10"]
[EventType "swiss"]
[EventRounds "11"]
[EventCountry "IND"]
[SourceTitle "CBM 155 Extra"]
[Source "ChessBase"]
[SourceDate "2013.08.26"]
[SourceVersion "1"]
[SourceVersionDate "2013.08.26"]
[SourceQuality "1"]

1. e4 e5 2. Nf3 Nc6 3. Bb5 a6 4. Ba4 Nf6 5. 0-0 b5 6. Bb3 Bc5 7. Nc3 d6 8. Nd5 h6 9. c3 Rb8 10. d4 Ba7 11. h3 0-0 12. Re1 Bb7 13. a4 Ra8 14. axb5 axb5 15. Qd3 exd4 16. cxd4 Nxd5 17. exd5 Ne7 18. Qxb5 Bb6 19. Rxa8 Bxa8 20. Bd2 Ng6 21. Bc2 Ne7 22. Qd3 f5 23. Nh4 Bxd5 24. Qg3 Bxd4 25. Bxh6 Rf7 26. Ng6 Nxg6 27. Qxg6 Bxf2+ 28. Kxf2 Qh4+ 29. g3 Qxh6 30. Re8+ Rf8 31. Rxf8+ Kxf8 32. Qxf5+ Bf7 33. Qc8+ Be8 34. Qxc7 Qf6+ 35. Kg2 Qxb2 1/2-1/2